[Event "ECC"]
[Site "Halkidiki GRE"]
[Date "2002.09.25"]
[Round "4"]
[White "Lindberg,Bo"]
[Black "Watzka,H"]
[Result "1/2-1/2"]
[WhiteElo "2284"]
[BlackElo "2351"]
[EventDate "2002.09.22"]

1. d4 d6 2. Nf3 Nd7 3. e4 g6 4. Bc4 c6 5. Nc3 e6 6. a4 Bg7 7. Bg5 Qc7 8.
Qd2 h6 9. Be3 a6 10. O-O Ne7 11. h3 b6 12. Rfd1 Bb7 13. Bb3 Rd8 14. Ne2 c5
15. Ng3 cxd4 16. Bxd4 e5 17. Bc3 Nc5 18. Qe2 O-O 19. Bc4 Kh7 20. b4 Ne6 21.
Ra3 Nf4 22. Qf1 Ra8 23. Bd2 d5 24. exd5 Nexd5 25. Bxd5 Nxd5 26. c4 Ne7 27.
c5 Rad8 28. Be3 Rxd1 29. Qxd1 Rd8 30. Rd3 Rxd3 31. Qxd3 bxc5 32. Bxc5 Nd5
33. Ne4 f5 34. Nc3 Nxc3 35. Qxc3 Qc6 36. Qb3 Bc8 37. Qf7 Qxa4 38. Bf8 Qd1+
39. Kh2 Qd7 40. Qxd7 Bxd7 41. Bxg7 Kxg7 42. Nxe5 Bb5 43. f4 Kf6 44. Kg3 Be8
45. Kf3 Ke6 46. Ke3 Kd5 47. h4 g5 48. hxg5 hxg5 49. g4 fxg4 50. Nxg4 gxf4+
51. Kxf4 Kc4 52. Ke3 Kxb4 53. Kd2 Kb3 54. Kc1 Bg6 55. Ne5 Bh7 56. Nc6 Bd3
57. Na5+ Kc3 58. Nc6 Be4 59. Na5 1/2-1/2

[Event "ECC"]
[Site "Halkidiki GRE"]
[Date "2002.09.25"]
[Round "4"]
[White "Kiik,K"]
[Black "Sherwin,J"]
[Result "1-0"]
[WhiteElo "2450"]
[BlackElo "2344"]
[EventDate "2002.09.22"]

1. Nf3 Nf6 2. c4 d6 3. d4 Nbd7 4. g3 e5 5. Bg2 c6 6. Nc3 Qc7 7. O-O Be7 8.
e4 O-O 9. h3 Re8 10. Re1 Bf8 11. Bg5 h6 12. Be3 exd4 13. Nxd4 Nc5 14. Qc2
a5 15. b3 g6 16. Rad1 Nfd7 17. Kh2 Bg7 18. f4 Bf8 19. a3 Na6 20. Bf2 Nf6
21. Re2 Bg7 22. Rde1 Nd7 23. Nf3 Ndc5 24. Bd4 Ne6 25. Bxg7 Nxg7 26. Rd1 Re7
27. Red2 Ne8 28. Nd4 Bd7 29. Qb2 Qb6 30. Na4 Qc7 31. Qc3 b6 32. Nc2 Nc5 33.
Nxc5 bxc5 34. Ne3 Rd8 35. f5 h5 36. Rf1 Bc8 37. h4 Re5 38. fxg6 fxg6 39.
Rdf2 Be6 40. Nc2 Ng7 41. Ne1 d5 42. Nd3 Rxe4 43. Bxe4 dxe4 44. Nxc5 Bf5 45.
Re1 Qa7 46. Qe3 Re8 47. Rd2 Re7 48. Rd8+ Ne8 49. Qd4 Kf7 50. Kg2 Qc7 51. b4
axb4 52. axb4 e3 53. Ra8 e2 54. Ra2 Bg4 55. Ne4 Qb7 56. c5 Qb5 57. Nc3 Qb7
58. Nxe2 Qb5 59. Nc3 Qb7 60. Rf2+ Bf5 61. Rxe7+ Qxe7 62. Re2 Qa7 63. Rxe8
Qa1 64. Re2 Bh3+ 65. Kh2 1-0

[Event "ECC"]
[Site "Halkidiki GRE"]
[Date "2002.09.25"]
[Round "4"]
[White "Beaumont,C"]
[Black "Karttunen,M"]
[Result "1/2-1/2"]
[WhiteElo "2318"]
[BlackElo "2434"]
[EventDate "2002.09.22"]

1. d4 d5 2. c4 c6 3. Nf3 Nf6 4. e3 a6 5. Bd3 Bg4 6. cxd5 Bxf3 7. Qxf3 cxd5
8. Nc3 Nc6 9. O-O e6 10. Bd2 Bd6 11. Rac1 O-O 12. Qh3 g6 13. f4 Ne8 14. g4
f5 15. gxf5 gxf5 16. Kh1 Rc8 17. Rg1+ Kh8 18. Rg2 Nf6 19. Rcg1 Qe7 20. Be2
Rg8 21. Be1 Rxg2 22. Rxg2 Rg8 23. Bh4 Rxg2 24. Qxg2 Qf8 25. Bxf6+ Qxf6 26.
Qh3 b5 27. Qh5 Qf8 28. a4 bxa4 29. Nxa4 Nb4 30. Nc5 Bxc5 31. dxc5 Qxc5 32.
Qe8+ Kg7 33. Qxe6 Qc1+ 34. Kg2 Qxb2 35. Qe7+ Kg8 36. Qe8+ Kg7 37. Qe7+ Kg8
1/2-1/2

[Event "ECC"]
[Site "Halkidiki GRE"]
[Date "2002.09.25"]
[Round "4"]
[White "Lampen,T"]
[Black "Burgess,G"]
[Result "1-0"]
[WhiteElo "2315"]
[BlackElo "2309"]
[EventDate "2002.09.22"]

1. d4 d5 2. Nf3 Nf6 3. c4 c6 4. e3 Bg4 5. cxd5 Bxf3 6. Qxf3 cxd5 7. Nc3 e6
8. Qd1 Nbd7 9. Bd3 Be7 10. O-O O-O 11. Bd2 Qb8 12. Qb3 Rc8 13. Rfc1 Ne8 14.
e4 dxe4 15. Bxe4 Nb6 16. d5 e5 17. d6 Nxd6 18. Nd5 Bd8 19. Nxb6 Bxb6 20.
Bd5 Rxc1+ 21. Rxc1 Qe8 22. Bb4 Rc8 23. Re1 Bc5 24. Bc3 e4 25. Qd1 e3 26.
fxe3 Nb5 27. Bxb7 Nxc3 28. bxc3 Bxe3+ 29. Kh1 Rd8 30. Qf3 Qe7 31. Be4 f5
32. Bd5+ 1-0

[Event "ECC"]
[Site "Halkidiki GRE"]
[Date "2002.09.25"]
[Round "4"]
[White "Collier,D"]
[Black "Lahtinen,M"]
[Result "1-0"]
[WhiteElo "2274"]
[BlackElo "2287"]
[EventDate "2002.09.22"]

1. d4 c5 2. d5 e6 3. Nc3 d6 4. e4 Nf6 5. Nf3 exd5 6. exd5 Be7 7. h3 O-O 8.
Bc4 Na6 9. O-O Nc7 10. a4 b6 11. Bf4 a6 12. Qd3 Bb7 13. Ng5 g6 14. Nge4
Nxe4 15. Qxe4 Re8 16. Rad1 f5 17. Qd3 Qd7 18. Rd2 Bf6 19. Rb1 Re7 20. b4
Ne8 21. bxc5 bxc5 22. a5 g5 23. Bh2 Ng7 24. Rdd1 h6 25. Rxb7 Qxb7 26. Bxd6
Rd7 27. Bxc5 Qc8 28. Na4 Rd8 29. d6+ Kh8 30. d7 Qc6 31. Bd5 Qxa4 32. Bxa8
Rxa8 33. Bb6 Qc6 34. d8=Q+ Bxd8 35. Bxd8 Rc8 36. Bb6 f4 37. Qxa6 f3 38.
Qxc8+ 1-0

[Event "ECC"]
[Site "Halkidiki GRE"]
[Date "2002.09.25"]
[Round "4"]
[White "Dilleigh,S"]
[Black "Saastamoinen,A"]
[Result "1/2-1/2"]
[WhiteElo "2164"]
[BlackElo "2172"]
[EventDate "2002.09.22"]

1. d4 Nf6 2. c4 e6 3. Nc3 Bb4 4. e3 O-O 5. Bd3 d5 6. Nf3 c5 7. O-O Nc6 8.
a3 Bxc3 9. bxc3 dxc4 10. Bxc4 Qc7 11. Bd3 e5 12. Qc2 Re8 13. dxe5 Nxe5 14.
Nxe5 Qxe5 15. f3 Nd5 16. e4 Nf4 17. Bc4 Be6 18. Bxe6 Rxe6 19. Bxf4 Qxf4 20.
Rad1 Qc7 21. Rd5 Rd8 22. Rfd1 Rxd5 23. Rxd5 g6 24. Qf2 Rb6 25. Qxc5 Rb1+
26. Kf2 Rb2+ 27. Ke3 Qxc5+ 28. Rxc5 Rxg2 29. Rc7 Rb2 1/2-1/2

[Event "ECC"]
[Site "Halkidiki GRE"]
[Date "2002.09.25"]
[Round "4"]
[White "Kocsis,Le"]
[Black "Saldano,H"]
[Result "1/2-1/2"]
[WhiteElo "2392"]
[BlackElo "2414"]
[EventDate "2002.09.22"]

1. c4 c5 2. Nf3 Nc6 3. d4 cxd4 4. Nxd4 g6 5. g3 Bg7 6. Nc2 d6 7. Bg2 Be6 8.
Ne3 Qd7 9. h4 Nf6 10. Nc3 O-O 11. Bd2 Rfd8 12. Ned5 1/2-1/2

[Event "ECC"]
[Site "Halkidiki GRE"]
[Date "2002.09.25"]
[Round "4"]
[White "Hautot,S"]
[Black "Del Rio Angelis,S"]
[Result "0-1"]
[WhiteElo "2273"]
[BlackElo "2498"]
[EventDate "2002.09.22"]

1. e4 e6 2. d4 d5 3. Nc3 Bb4 4. e5 Ne7 5. Qg4 c5 6. Nf3 Qc7 7. Bb5+ Bd7 8.
O-O Bxc3 9. Bxd7+ Nxd7 10. bxc3 O-O 11. Bg5 Nf5 12. c4 dxc4 13. d5 Nxe5 14.
Nxe5 Qxe5 15. Rad1 Nd4 16. Rfe1 Qf5 17. Qxf5 Nxf5 18. dxe6 fxe6 19. Rxe6 h6
20. Be7 Rfe8 21. Rd7 Kf7 22. Re5 Nxe7 23. Rxb7 Rab8 0-1

[Event "ECC"]
[Site "Halkidiki GRE"]
[Date "2002.09.25"]
[Round "4"]
[White "Zlotnik,B"]
[Black "Goossens,E"]
[Result "1/2-1/2"]
[WhiteElo "2423"]
[BlackElo "2189"]
[EventDate "2002.09.22"]

1. d4 Nf6 2. c4 g6 3. Nc3 Bg7 4. Nf3 O-O 5. Bg5 c5 6. d5 h6 7. Bf4 d6 8.
Nd2 g5 9. Bg3 Nh5 10. e3 Nxg3 11. hxg3 Bf5 12. g4 Bg6 13. Be2 e6 14. Bf3
Nd7 15. Be4 Bxc3 16. bxc3 Qf6 17. Qc2 exd5 18. cxd5 Ne5 19. Bxg6 Qxg6 20.
Qxg6+ fxg6 21. f3 Kg7 22. Ke2 Rh8 23. Rab1 Rab8 24. Rb3 Rhd8 25. Ra3 a6 26.
Rb1 Nd7 27. Ne4 Nf6 28. Nxf6 Kxf6 29. Rb6 h5 30. gxh5 gxh5 31. Rab3 Rd7 32.
c4 h4 33. Rxa6 g4 34. fxg4 Rg8 35. Ra7 Rxg4 36. Rbxb7 Rxg2+ 37. Kf3 Rxb7
38. Rxb7 Rxa2 39. Rd7 Ra6 40. Kf4 h3 41. Rh7 Ra4 42. Rh6+ Kg7 43. Rxh3 Kg6
44. e4 Rxc4 45. Ra3 Rc1 46. Ra6 Rf1+ 47. Ke3 Rf6 48. Rc6 Kf7 49. e5 dxe5
50. Rc7+ Ke8 51. Ke4 Rh6 52. Kxe5 Kd8 53. d6 c4 54. Kd5 Rh5+ 55. Kc6 Ra5
56. Rh7 Ra6+ 57. Kd5 Ra1 58. Rc7 c3 59. Rxc3 1/2-1/2

[Event "ECC"]
[Site "Halkidiki GRE"]
[Date "2002.09.25"]
[Round "4"]
[White "Stryjecki,M"]
[Black "Atakisi,U"]
[Result "1/2-1/2"]
[WhiteElo "2424"]
[BlackElo "2361"]
[EventDate "2002.09.22"]

1. g3 c5 2. Bg2 Nf6 3. e4 Nc6 4. Ne2 g6 5. c3 Bg7 6. d4 d6 7. dxc5 dxc5 8.
Qxd8+ Nxd8 9. Be3 Nd7 10. Na3 b6 11. O-O-O Ba6 12. Rd2 Ne5 13. h3 Ndc6 14.
Rhd1 O-O 15. f4 Nc4 16. Nxc4 Bxc4 17. e5 Rac8 18. b3 Be6 19. g4 f6 20. exf6
Bxf6 21. Kb2 c4 22. Nd4 Bxd4 23. Bxd4 cxb3 24. Re1 Kf7 25. axb3 Nxd4 26.
Rxd4 Rfd8 27. Red1 Rxd4 28. Rxd4 Rc7 29. c4 h6 30. Kc3 Kf6 31. Bd5 Bc8 32.
Be4 Rd7 33. Rxd7 1/2-1/2

[Event "ECC"]
[Site "Halkidiki GRE"]
[Date "2002.09.25"]
[Round "4"]
[White "Yeke,S"]
[Black "Vanderstricht,G"]
[Result "1-0"]
[WhiteElo "2258"]
[BlackElo "2404"]
[EventDate "2002.09.22"]

1. e4 c5 2. Nf3 d6 3. d4 cxd4 4. Nxd4 Nf6 5. f3 e5 6. Bb5+ Nbd7 7. Nf5 a6
8. Ba4 d5 9. exd5 b5 10. Bb3 Nc5 11. Ne3 Bb7 12. c4 Qd7 13. Nc3 Be7 14. O-O
Rd8 15. Qe2 O-O 16. Rd1 e4 17. Nxe4 Ncxe4 18. fxe4 Nxe4 19. Bc2 f5 20. Nxf5
Qxf5 21. Bxe4 Bc5+ 22. Kh1 Rde8 23. Bxf5 Rxe2 24. Bd3 Ref2 25. Bd2 Bd4 26.
Rab1 bxc4 27. Bxc4 Rc8 28. Bb3 h6 29. Bc3 Bxc3 30. bxc3 Rxc3 31. d6+ Kh7
32. d7 Rxg2 33. Bg8+ Kg6 34. Rxb7 1-0

[Event "ECC"]
[Site "Halkidiki GRE"]
[Date "2002.09.25"]
[Round "4"]
[White "Filipek,J"]
[Black "Erdogan,H"]
[Result "1-0"]
[WhiteElo "2373"]
[BlackElo "2218"]
[EventDate "2002.09.22"]

1. e4 c5 2. Nf3 d6 3. d4 cxd4 4. Nxd4 Nf6 5. Nc3 g6 6. Be3 Bg7 7. f3 Nc6 8.
Bc4 O-O 9. Qe2 Nxd4 10. Bxd4 Be6 11. Bxe6 fxe6 12. O-O-O e5 13. Bxe5 Qa5
14. Bd4 Rac8 15. Qb5 Qxb5 16. Nxb5 a6 17. Nc3 Rc4 18. b3 Rc7 19. e5 dxe5
20. Bxe5 Rc5 21. Bd4 Rg5 22. g4 Ne8 23. Bxg7 Nxg7 24. Rd3 h5 25. h3 Ne6 26.
Re1 Nf4 27. Rd7 e6 28. h4 Rc5 29. Ne4 Rd5 30. Rxb7 hxg4 31. fxg4 Ng2 32.
Rg1 Nxh4 33. g5 Nf3 34. Rf1 Rdf5 35. Nf6+ R8xf6 36. gxf6 g5 37. c4 g4 38.
Rg7+ 1-0

[Event "ECC"]
[Site "Halkidiki GRE"]
[Date "2002.09.25"]
[Round "4"]
[White "Kilicaslan,H"]
[Black "Roofdhooft,M"]
[Result "1/2-1/2"]
[WhiteElo "2260"]
[BlackElo "2260"]
[EventDate "2002.09.22"]

1. d4 d5 2. c4 c6 3. Nc3 Nf6 4. Nf3 e6 5. Bg5 h6 6. Bxf6 Qxf6 7. e3 Nd7 8.
Be2 g6 9. O-O Bg7 10. e4 dxc4 11. e5 Qe7 12. Bxc4 O-O 13. Ne4 c5 1/2-1/2

[Event "ECC"]
[Site "Halkidiki GRE"]
[Date "2002.09.25"]
[Round "4"]
[White "Boeykens,M"]
[Black "Guner,B"]
[Result "1/2-1/2"]
[WhiteElo "2240"]
[BlackElo "2142"]
[EventDate "2002.09.22"]

1. d4 Nf6 2. c4 c5 3. d5 b5 4. cxb5 a6 5. bxa6 g6 6. Nc3 Bxa6 7. e4 Bxf1 8.
Kxf1 d6 9. Nf3 Bg7 10. g3 O-O 11. Kg2 Nbd7 12. h3 Ra6 13. Re1 Qa8 14. Bf4
Nh5 15. Bg5 Nhf6 16. Qc2 h6 17. Bd2 e6 18. dxe6 fxe6 19. Nh4 g5 20. Ng6 Rf7
21. f4 d5 1/2-1/2

[Event "ECC"]
[Site "Halkidiki GRE"]
[Date "2002.09.25"]
[Round "4"]
[White "Bolcan,E"]
[Black "Barbier,W"]
[Result "1-0"]
[WhiteElo "2033"]
[BlackElo "2188"]
[EventDate "2002.09.22"]

1. d4 Nf6 2. c4 d6 3. Nf3 Nbd7 4. Nc3 e5 5. Bg5 c6 6. e4 Qa5 7. Qd2 Be7 8.
a3 exd4 9. Nxd4 h6 10. Be3 Ng4 11. Bf4 Nde5 12. b4 Qc7 13. h3 Nf6 14. Be2
Be6 15. Nxe6 fxe6 16. O-O Ng6 17. Be3 e5 18. Qd1 O-O 19. g3 Qd7 20. Kg2 Qe6
21. Qc2 Nd7 22. Bg4 Qf7 23. Bxd7 Nf4+ 24. gxf4 exf4 25. Bf5 g6 26. Bxf4
gxf5 27. exf5 Qh5 28. Rae1 Rae8 29. Bg3 Rxf5 30. Qe2 1-0

[Event "ECC"]
[Site "Halkidiki GRE"]
[Date "2002.09.25"]
[Round "4"]
[White "Ferguson,M"]
[Black "Timoscenko,G"]
[Result "0-1"]
[WhiteElo "2378"]
[BlackElo "2508"]
[EventDate "2002.09.22"]

1. e4 c5 2. Nf3 e6 3. d3 Nc6 4. g3 Nf6 5. Bg2 d6 6. O-O Be7 7. Re1 O-O 8.
c3 Bd7 9. d4 cxd4 10. cxd4 d5 11. e5 Ne4 12. Nbd2 Nxd2 13. Bxd2 Qb6 14. Bc3
Rfc8 15. Qd2 a5 16. Bf1 a4 17. a3 Na5 18. Rab1 Nb3 19. Qd3 Qc7 20. Re3 Qb6
21. h4 h6 22. Kh2 Qa6 23. Qd1 Bb5 24. Bxb5 Qxb5 25. Ng1 Qc4 26. Ne2 b5 27.
Nc1 Nxc1 28. Rxc1 b4 29. axb4 Bxb4 30. Qd2 Rab8 31. Ree1 Be7 32. Ba5 Qb5
33. Rxc8+ Rxc8 34. Bc3 Rc4 35. Kg2 Bb4 36. Re3 Bxc3 37. Rxc3 Qb4 38. Rd3
Qb6 39. h5 Rb4 40. Qd1 Qa6 41. Rd2 Qb5 42. Rc2 Rc4 43. Rd2 Qc6 44. Qe2 Rc1
45. Rd1 Qc2 46. Qxc2 Rxc2 47. Ra1 Rc4 48. Rd1 Kh7 49. g4 g6 50. Kg3 Rb4 51.
Rd2 Rb3+ 52. f3 g5 53. Kf2 Kg7 54. Ke2 f5 55. Rc2 f4 56. Kd2 Rxf3 57. Rc7+
Kf8 58. Rc8+ Ke7 59. Rc7+ Kd8 60. Rh7 Rb3 61. Kc2 Rg3 62. Rxh6 Rxg4 63.
Rxe6 Rh4 64. h6 g4 65. Rf6 g3 66. Kd3 Ke7 67. h7 Rxh7 68. Rxf4 Rg7 69. Rf1
g2 70. Rg1 Rg3+ 71. Kd2 Ke6 72. Ke1 Rg4 73. Ke2 Rxd4 74. Rxg2 Kxe5 75. Ke3
Rb4 76. Kd3 Rb3+ 77. Kc2 Rf3 78. Rg4 Rf4 79. Rg8 Kd4 80. Rg3 Rf2+ 81. Kc1
Ke4 82. Ra3 d4 83. Rxa4 Ke3 84. Ra8 Rf1+ 85. Kc2 d3+ 86. Kc3 Rc1+ 87. Kb4
d2 88. Rd8 d1=Q 89. Rxd1 Rxd1 90. Kc5 Rc1+ 91. Kb5 Kd4 92. b4 Rb1 0-1

[Event "ECC"]
[Site "Halkidiki GRE"]
[Date "2002.09.25"]
[Round "4"]
[White "Bednar,Jar"]
[Black "Dishman,S"]
[Result "1-0"]
[WhiteElo "2335"]
[BlackElo "2297"]
[EventDate "2002.09.22"]

1. e4 c5 2. Nf3 Nc6 3. d4 cxd4 4. c3 Nf6 5. e5 Nd5 6. Bc4 Nb6 7. Bb3 d6 8.
exd6 Qxd6 9. Na3 dxc3 10. Qxd6 exd6 11. Nb5 Rb8 12. Ng5 Ne5 13. O-O a6 14.
Nxc3 h6 15. f4 Nec4 16. Re1+ Be7 17. Nf3 Kf8 18. Re4 Na5 19. Be3 Nxb3 20.
axb3 Bd8 21. Re1 Be6 22. Bd4 Bc7 23. Nh4 Re8 24. Nf5 g6 25. Ng7 Rg8 26.
Nxe8 Kxe8 27. Bf2 Kd7 28. Rb4 Nd5 29. Rxb7 Kc6 30. Ra7 Nb4 31. Ne2 Nd3 32.
Nd4+ Kb6 33. Nxe6+ Nxf2 34. Rxc7 fxe6 35. Rc3 Ng4 36. Rxe6 1-0

[Event "ECC"]
[Site "Halkidiki GRE"]
[Date "2002.09.25"]
[Round "4"]
[White "Taylor,P"]
[Black "Kajan,M"]
[Result "1-0"]
[WhiteElo "2224"]
[BlackElo "2099"]
[EventDate "2002.09.22"]

1. c4 e6 2. g3 Nf6 3. Bg2 d5 4. Nf3 dxc4 5. Qa4+ Nbd7 6. Qxc4 g6 7. O-O Bg7
8. d4 O-O 9. Bf4 Nd5 10. Bg5 f6 11. Bd2 N7b6 12. Qc2 c6 13. Nc3 e5 14. dxe5
fxe5 15. Rad1 Qe8 16. Ne4 Bf5 17. Nh4 Ne7 18. Qb3+ Kh8 19. Bb4 Bxe4 20.
Bxe4 Qf7 21. Qxf7 Rxf7 22. Nf3 Ned5 23. Bc5 Re8 24. Ng5 Rfe7 25. Bg2 h6 26.
Ne4 Rd8 27. Bh3 Rc7 28. Bd6 Rf7 29. Be6 Rf5 30. Bc7 Ra8 31. Bxb6 axb6 32.
Bxf5 gxf5 33. Nd6 Rxa2 34. Nxf5 Rxb2 35. e4 Nf6 36. Rd8+ Ng8 37. Ne7 c5 38.
Rxg8+ Kh7 39. Rc8 Rc2 40. Rc7 Kh8 41. Ra1 1-0

[Event "ECC"]
[Site "Halkidiki GRE"]
[Date "2002.09.25"]
[Round "4"]
[White "Cobb,C"]
[Black "O'Cinneide,M"]
[Result "1-0"]
[WhiteElo "2313"]
[BlackElo "2251"]
[EventDate "2002.09.22"]

1. c4 e5 2. Nc3 Nc6 3. Nf3 Nf6 4. e3 Bb4 5. Qc2 Bxc3 6. Qxc3 Qe7 7. a3 d5
8. cxd5 Nxd5 9. Qb3 Nb6 10. d3 Be6 11. Qc2 a5 12. Bd2 f6 13. Be2 O-O 14.
O-O Rfd8 15. b3 Rd7 16. Rfc1 Rad8 17. Be1 Bf5 18. Nd2 Bxd3 19. Bxd3 Rxd3
20. Ne4 R3d5 21. Nc5 Rb8 22. Nxb7 Nd4 23. exd4 Rxb7 24. dxe5 Rxe5 25. b4
axb4 26. Bxb4 Qe6 27. Re1 Nd5 28. Rxe5 Qxe5 29. Rb1 Nc3 30. Rf1 Ne2+ 31.
Kh1 Rb5 32. Qc4+ Kh8 33. h3 Qe8 34. Qxc7 Re5 35. Rd1 Qg6 36. Rd8+ Re8 37.
Rxe8+ Qxe8 38. Qe7 Qxe7 39. Bxe7 1-0

[Event "ECC"]
[Site "Halkidiki GRE"]
[Date "2002.09.25"]
[Round "4"]
[White "Spice,A"]
[Black "Hurley,J"]
[Result "1/2-1/2"]
[WhiteElo "2171"]
[BlackElo "2095"]
[EventDate "2002.09.22"]

1. Nc3 d5 2. e4 e6 3. exd5 exd5 4. d4 Nf6 5. Bd3 Bg4 6. f3 Bh5 7. Bg5 Be7
8. Nge2 Bg6 9. Ng3 Nbd7 10. Nf5 O-O 11. Qd2 c6 12. O-O-O Re8 13. h4 b5 14.
g4 Bxf5 15. Bxf5 Nb6 16. Kb1 Nc4 17. Qf2 Qa5 18. Bc1 Nd6 19. Bd3 Rab8 20.
Ne2 Rb6 21. Bd2 b4 22. Nc1 Nc4 23. b3 Na3+ 24. Kb2 c5 25. g5 Nh5 26. dxc5
Bxc5 27. Rhe1 Rf8 28. Be3 Bxe3 29. Qxe3 Nb5 30. Bxb5 Rxb5 31. Qd4 Qc7 32.
Re5 Rc8 33. Rd2 Rc5 34. Ree2 Nf4 35. Rf2 a5 36. Nd3 Nxd3+ 1/2-1/2

[Event "ECC"]
[Site "Halkidiki GRE"]
[Date "2002.09.25"]
[Round "4"]
[White "Stefansson,H"]
[Black "Egeli,P"]
[Result "1-0"]
[WhiteElo "2588"]
[BlackElo "2312"]
[EventDate "2002.09.22"]

1. d4 d5 2. c4 e6 3. Nc3 Nf6 4. cxd5 exd5 5. Bg5 c6 6. e3 Be7 7. Bd3 Nbd7
8. Nge2 Nh5 9. Bxe7 Qxe7 10. Qc2 g6 11. O-O-O Ndf6 12. h3 Ng7 13. g4 h5 14.
g5 Nh7 15. h4 Bf5 16. Kb1 Bxd3 17. Qxd3 O-O 18. f3 Rfd8 19. e4 dxe4 20.
fxe4 Nf8 21. Rhe1 Nfe6 22. Qe3 Rd7 23. Rd2 Rad8 24. Red1 Nc7 25. Qf2 Qe6
26. Nf4 Qc4 27. d5 cxd5 28. Qxa7 d4 29. Ncd5 Ra8 30. Rxd4 Rxa7 31. Rxc4
Nge8 32. Rxc7 Rxc7 33. Nxc7 Nxc7 34. Rd8+ Kg7 35. Rd7 Na6 36. Ne6+ 1-0

[Event "ECC"]
[Site "Halkidiki GRE"]
[Date "2002.09.25"]
[Round "4"]
[White "Storland,K"]
[Black "Olafsson,H"]
[Result "0-1"]
[WhiteElo "2273"]
[BlackElo "2476"]
[EventDate "2002.09.22"]

1. e4 e5 2. Nc3 Nf6 3. Bc4 Nc6 4. d3 Na5 5. Bg5 c6 6. a3 h6 7. Be3 d5 8.
exd5 cxd5 9. Bb5+ Bd7 10. Bxd7+ Qxd7 11. Bd2 Nc6 12. Nf3 Bd6 13. O-O O-O
14. Ne2 Rad8 15. c3 Bb8 16. Qc2 Rfe8 17. Rad1 a6 18. Bc1 b5 19. Ng3 Ba7 20.
Rfe1 Ng4 21. Re2 f5 22. Nh4 f4 23. Nf1 g5 24. Nf3 Qf7 25. h3 Nf6 26. Rde1
Bb8 27. Qb3 e4 28. dxe4 dxe4 29. Qxf7+ Kxf7 30. N3d2 Ne5 31. Nxe4 f3 32.
Re3 fxg2 33. Kxg2 Nd3 34. Rxd3 Rxd3 35. f3 Bf4 36. Nfg3 Bxg3 0-1

[Event "ECC"]
[Site "Halkidiki GRE"]
[Date "2002.09.25"]
[Round "4"]
[White "Karlsson,A"]
[Black "Harestad,T"]
[Result "1-0"]
[WhiteElo "2347"]
[BlackElo "2222"]
[EventDate "2002.09.22"]

1. e4 c5 2. Nf3 e6 3. c3 d5 4. exd5 Qxd5 5. d4 Nf6 6. Be3 cxd4 7. cxd4 Nc6
8. Nc3 Qd8 9. Bb5 Bd7 10. O-O a6 11. Be2 Be7 12. d5 exd5 13. Nxd5 Nxd5 14.
Qxd5 O-O 15. Rfd1 Be6 16. Qh5 Qa5 17. Qxa5 Nxa5 18. Nd4 Bd7 19. Rac1 Rac8
20. Rxc8 Rxc8 21. Nb3 Nxb3 22. Rxd7 Nc1 23. Bg4 Bf8 24. Rd1 Rc4 25. Rxc1
Rxg4 26. Rc8 Re4 27. Kf1 Re5 28. b4 1-0

[Event "ECC"]
[Site "Halkidiki GRE"]
[Date "2002.09.25"]
[Round "4"]
[White "Harestad,H"]
[Black "Asmundsson,I"]
[Result "1-0"]
[WhiteElo "2186"]
[BlackElo "2338"]
[EventDate "2002.09.22"]

1. d4 e6 2. c4 f5 3. g3 Nf6 4. Bg2 d5 5. Nf3 c6 6. O-O Bd6 7. b3 Qe7 8. Bb2
a5 9. Qc1 Na6 10. Ne5 O-O 11. Nd2 Bd7 12. Bc3 b6 13. a3 Ne4 14. Nxe4 fxe4
15. f3 Bxe5 16. dxe5 dxc4 17. bxc4 Qc5+ 18. Kh1 Qxc4 19. Rd1 Nc5 20. Bd4
Qxc1 21. Raxc1 Nb3 22. Rb1 c5 23. Be3 Ba4 24. Rd6 Kf7 25. Rxb6 c4 26. Bh3
Bd7 27. Rd1 Ke8 28. Bxe6 Bxe6 29. Rxe6+ Kf7 30. Rc6 Rfc8 31. Rd7+ Ke8 32.
Rdc7 Rxc7 33. Rxc7 exf3 34. exf3 Rd8 35. Rxc4 Rd3 36. Re4 Na1 37. a4 Nc2
38. Bb6 Rxf3 39. Bxa5 Ne3 40. Rf4 Rxf4 41. gxf4 Kd7 42. Kg1 Nd5 43. Bd2 Ke6
44. Kf2 g5 45. fxg5 Kxe5 46. Kf3 Kf5 47. h4 Nc7 48. a5 Na6 49. Kg3 Nc5 50.
Bb4 Na6 51. Bd6 Ke6 52. h5 Kxd6 53. g6 hxg6 54. h6 Nc5 55. h7 Ne4+ 56. Kg2
1-0

[Event "ECC"]
[Site "Halkidiki GRE"]
[Date "2002.09.25"]
[Round "4"]
[White "Bergsson,Sn"]
[Black "Vestly,J"]
[Result "0-1"]
[WhiteElo "2288"]
[BlackElo "2123"]
[EventDate "2002.09.22"]

1. d4 Nf6 2. c4 c5 3. d5 b5 4. Qc2 g6 5. e4 d6 6. cxb5 Bg7 7. Bd2 O-O 8.
Bc3 e6 9. dxe6 fxe6 10. e5 Nd5 11. exd6 Nxc3 12. Nxc3 Bb7 13. O-O-O a6 14.
Nf3 axb5 15. Bxb5 Nc6 16. Bc4 Nd4 17. Nxd4 cxd4 18. Nb5 Bxg2 19. Rhg1 d3
20. Rxd3 Be4 21. Nc7 Bxd3 22. Qxd3 Qf6 23. Qd2 Qh4 24. Rg4 Qxh2 25. f4 Qh1+
26. Kc2 Qc6 27. Qe2 Rxa2 28. Qxe6+ Kh8 29. Rh4 Rxb2+ 30. Kc1 Qa4 31. Rxh7+
Kxh7 32. Qh3+ Bh6 33. Qd7+ Qxd7 0-1

[Event "ECC"]
[Site "Halkidiki GRE"]
[Date "2002.09.26"]
[Round "5"]
[White "Shirov,A"]
[Black "Svidler,P"]
[Result "1/2-1/2"]
[WhiteElo "2697"]
[BlackElo "2690"]
[EventDate "2002.09.22"]

1. e4 e5 2. Nf3 Nc6 3. Bb5 a6 4. Ba4 Nf6 5. O-O Be7 6. Re1 b5 7. Bb3 O-O 8.
h3 Bb7 9. d3 d6 10. a3 Nb8 11. Nbd2 Nbd7 12. Nf1 Re8 13. Ng3 Nc5 14. Ba2
Ne6 15. Ng5 Nxg5 16. Bxg5 h6 17. Be3 d5 18. Qf3 Bf8 19. Rad1 Qd6 20. exd5
Bxd5 21. Ne4 Bxe4 22. dxe4 Qc6 23. Qf5 Re7 24. c3 Kh8 25. b4 g6 26. Qf3 Bg7
27. c4 Qxe4 28. Qxe4 Nxe4 29. cxb5 Nc3 30. Bc5 Nxd1 31. Bxe7 Nc3 32. Bxf7
axb5 33. Bxg6 Rxa3 34. Kh2 Ra2 35. Bc5 Bf6 36. Rc1 Kg7 37. Rxc3 Kxg6 38.
Be3 Rb2 39. Rxc7 Rxb4 40. g4 h5 41. Kg3 hxg4 42. hxg4 Rb3 43. Kf3 Bg5 44.
Rc6+ Kf7 45. Ke4 Bxe3 46. fxe3 b4 47. Rb6 Kg7 48. Re6 Rb1 49. Kxe5 b3 50.
Rb6 b2 51. e4 Kh7 52. g5 Kg7 53. g6 Kh6 1/2-1/2

[Event "ECC"]
[Site "Halkidiki GRE"]
[Date "2002.09.26"]
[Round "5"]
[White "Landa,K"]
[Black "Baklan,V"]
[Result "0-1"]
[WhiteElo "2621"]
[BlackElo "2614"]
[EventDate "2002.09.22"]

1. e4 e6 2. d4 d5 3. Nc3 Nf6 4. Bg5 dxe4 5. Nxe4 Be7 6. Bxf6 Bxf6 7. Nf3
O-O 8. Qd2 Be7 9. O-O-O Qd5 10. Nc3 Qa5 11. a3 Nd7 12. Bc4 c6 13. Rhe1 b5
14. Bb3 Qd8 15. Ne4 a5 16. Ne5 Qc7 17. f4 Rb8 18. Ba2 b4 19. a4 c5 20. d5
exd5 21. Qxd5 Nxe5 22. Qxe5 Qxe5 23. fxe5 Bg4 24. Rd3 Bf5 25. Bc4 Rbd8 26.
Kb1 Be6 27. Rxd8 Rxd8 28. Bxe6 fxe6 29. Re2 c4 30. Nd2 c3 31. Nb3 Rd5 32.
Re3 cxb2 33. Kxb2 Bd8 34. c4 bxc3+ 35. Kxc3 Bc7 36. Kc4 Bb6 37. Re2 Kf7 38.
h3 Ke7 39. Re4 Bc7 40. Nc5 Bxe5 41. Nd3 Kd6 42. h4 g6 43. Rg4 Ke7 44. Nc5
Bd6 45. Nb3 Bb4 46. Re4 Kd6 47. Re3 Re5 48. Rd3+ Ke7 49. Rd4 Be1 50. Rg4
Kd6 51. Rd4+ Ke7 52. Rg4 Bf2 53. Nd2 Rc5+ 54. Kd3 Rd5+ 55. Ke2 Bd4 56. Nf3
Bf6 57. Rc4 Kd7 58. Ke3 Be7 59. Ke4 Bd6 60. g4 h5 61. g5 Rf5 62. Ke3 Bc5+
63. Ke4 Kd6 64. Nd4 Re5+ 65. Kf4 Re1 66. Nb5+ Kd5 67. Rc2 Re4+ 68. Kf3 Rxh4
69. Nc7+ Kd6 70. Nb5+ Kc6 71. Nc7 Rh3+ 72. Kf4 Kxc7 73. Rxc5+ Kd6 74. Rxa5
e5+ 75. Ke4 Rh4+ 76. Kd3 Ke6 77. Kc3 Kf5 78. Kb3 Rh1 79. Rc5 h4 80. a5 Rb1+
81. Kc2 Rb7 0-1

[Event "ECC"]
[Site "Halkidiki GRE"]
[Date "2002.09.26"]
[Round "5"]
[White "Macieja,B"]
[Black "Jacimovic,D"]
[Result "0-1"]
[WhiteElo "2607"]
[BlackElo "2469"]
[EventDate "2002.09.22"]

1. e4 e6 2. d4 d5 3. Nc3 Bb4 4. e5 c5 5. a3 Bxc3+ 6. bxc3 Qa5 7. Bd2 Qa4 8.
Nf3 b6 9. Qb1 Ba6 10. Bxa6 Qxa6 11. a4 Qc8 12. Qb5+ Nd7 13. O-O Ne7 14. Qd3
h6 15. Nh4 cxd4 16. cxd4 Qc4 17. Qxc4 dxc4 18. f4 g6 19. g3 Rc8 20. Ng2 Nb8
21. Ne3 Nf5 22. d5 Nxe3 23. Bxe3 exd5 24. Rfd1 Nc6 25. Rxd5 Nb4 26. Rd2 c3
27. Re2 Ke7 28. a5 Rhd8 29. axb6 axb6 30. Rb1 Rc4 31. Kf2 Rb8 32. Rd1 b5
33. f5 gxf5 34. Bxh6 Re4 35. Be3 Rc8 36. Rd6 Rxe5 37. Rb6 f6 38. h4 Kf7 39.
h5 Rce8 40. Rb7+ Kg8 41. Kf3 Nd5 42. Rxb5 Rxe3+ 43. Rxe3 Rxe3+ 44. Kf2 Re5
45. Rb7 Ne3 46. Rc7 Re4 47. h6 Kh8 48. Rc6 Ng4+ 0-1

[Event "ECC"]
[Site "Halkidiki GRE"]
[Date "2002.09.26"]
[Round "5"]
[White "Bogdanovski,V"]
[Black "Kempinski,R"]
[Result "0-1"]
[WhiteElo "2483"]
[BlackElo "2587"]
[EventDate "2002.09.22"]

1. d4 Nf6 2. c4 g6 3. Nc3 Bg7 4. e4 O-O 5. Nge2 d6 6. f3 c5 7. Be3 Qa5 8.
d5 b5 9. cxb5 a6 10. Ng3 axb5 11. Bxb5 Ba6 12. Bxa6 Nxa6 13. O-O Nd7 14.
Rc1 Ne5 15. Qe2 c4 16. a3 Nd3 17. Rc2 Nac5 18. Nd1 Qb5 19. Bd2 Na4 20. Bc3
Nxc3 21. Nxc3 Qb3 22. Nd1 Rab8 23. f4 e6 24. dxe6 fxe6 25. Rf3 Nxf4 0-1